Statystyki dla Quiz wiedzy ogólnej #6

Kliknij tutaj aby rozwiązać quiz!

Ogólne statystyki

  • Ten quiz został rozwiązany 2 460 razy
  • Średni wynik to 7 z 20

Statystyki odpowiedzi

PytanieOdpowiedź% Poprawnych
Inaczej: wyraz bliskoznacznySynonim
93%
Jaka duża pustynia znajduje się w Chinach i Mongolii?Gobi
67%
W jakim kraju Nefertiti była królową?Egipt
62%
Zgodnie z Biblią, Jezus narodził się w Betlejem. Ale w jakim mieście dorastał?Nazaret
59%
Jaka nagroda jest przyznawana najlepszemu strzelcowi na Mistrzostwach Świata?Złoty But
54%
W jakiej czynności ktoś może być "en pointe", czyli stać na samych czubkach palców
u stóp?
Balet
49%
Liczby 8, 27, 64 i 125 to kolejno ____ liczb 2, 3, 4 i 5Sześciany
49%
Jakie mityczne zwierzę nazywane jest Sasquatchem?Wielka Stopa
35%
W skład jakiego zespołu wchodzi will.i.am?Black Eyed Peas
34%
Co oznacza "domo arigato"?Dziękuję
33%
Kto zagrał rolę Belli Swan w filmie "Zmierzch"?Kristen Stewart
31%
Z jakiego państwa pochodzą ciasteczka z wróżbą?Stany Zjednoczone
31%
Jaki słodzik jest zazwyczaj używany w coli dietetycznej?Aspartam
30%
Jaki power-up sprawia, że Mario jest chwilowo niezniszczalny?Gwiazda
23%
Kto był drugą żoną Henryka VIII?Anna Boleyn
22%
W jakim sporcie używa się młotka i bramek?Krokiet
21%
Jak nazywa się trzecie największe miasto w RPA, które rymuje się z nakryciem głowy
często spotykanym w Indiach?
Durban
15%
Jaki powszechny język jest bardzo podobny do urdu, mimo iż zapisywany jest
w innym skrypcie?
Hindi
14%
Jaki piosenkarz nosi pseudonim "Godfather of Soul"?James Brown
7%
Jaki pisarz mieszkał w Walden Pond?Henry David Thoreau
5%

Rozkład punktacji

Percentyl według liczby udzielonych odpowiedzi

Procent ludzi z każdym wynikiem

Twoja historia wyników

Nie rozwiązałeś tego quizu